Gamma diversity (Registro nro. 13034)

Detalles MARC
000 -CABECERA
Campo de control 007310000a22002050004500
090 ## - CLASIFICACIÓN LOCAL
Colección AR
Consecutivo 04001
041 0# - IDIOMA
Código de idioma para texto/pista de sonido o título separado
100 1# - ASIENTO PRINCIPAL--NOMBRE PERSONAL
Nombre personal Arellano, Lucrecia
245 10 - MENCION DE TITULO
Título Gamma diversity
Version derived from and a determinant of alpha diversity and beta diversity. An analysis of three tropical landscapes
500 ## - NOTA GENERAL
Nota general <Charlas sobre biodiversidad del Dr. Halffter>
650 14 - ASIENTO SECUNDARIO DE MATERIA - TERMINO TEMATICO
Término temático o nombre geográfico como elemento de entrada Ecología del paisaje
650 14 - ASIENTO SECUNDARIO DE MATERIA - TERMINO TEMATICO
Término temático o nombre geográfico como elemento de entrada Riqueza de especies
650 14 - ASIENTO SECUNDARIO DE MATERIA - TERMINO TEMATICO
Término temático o nombre geográfico como elemento de entrada Paisajes antropizados
650 14 - ASIENTO SECUNDARIO DE MATERIA - TERMINO TEMATICO
Término temático o nombre geográfico como elemento de entrada Fragmentación del paisaje
651 #4 - ASIENTO SECUNDARIO DE MATERIA - NOMBRE GEOGRAFICO
-- Veracruz
-- México
653 ## - TERMINO DE INDIZACION - NO CONTROLADO
-- Scarabaeoidea
700 1# - ASIENTO SECUNDARIO - NOMBRE PERSONAL
Nombre personal Halffter, Gonzalo
773 1# - Item fuente:
Título Acta Zoológica Mexicana
Paginas del Articulo 27-76
Lugar, editorial y fecha de publicación 2003
Información sobre la relación 90
942 ## - ELEMENTOS ADICIONALES (KOHA)
Tipo de ítem Artículo
Existencias
Withdrawn status Lost status Damaged status No para préstamo Colección Ubicación Permanente Ubicación actual Fecha de adquisición Fuente de Valor Datos de publicación Seriada Total Checkouts Número topográfico Inventario / Código de Barras Date last seen Ejemplar Price effective from Forma de adquisición Tipo de material
      No para Préstamo Hemeroteca Bogotá Bogotá 01/08/2005 Halffter, Gonzalo Fuera de circulación   AR 04001 017568 25/03/2015 1 25/03/2015   Artículo
      No para Préstamo Hemeroteca Bogotá Bogotá 27/02/2015 Alvarez, Mauricio Fuera de circulación   AR 04001 019584 25/03/2015 2 25/03/2015   Artículo